| 000 | 00889nam a2200241Ia 4500 | ||
|---|---|---|---|
| 999 |
_c38081 _d38081 |
||
| 001 | 4068 | ||
| 003 | GE_BSU | ||
| 005 | 20191002163639.0 | ||
| 008 | 181216s1984||||ge |||||||||||||| ||geo|| | ||
| 040 | _cGE_BSU | ||
| 041 | _ageo | ||
| 080 | _a398(55)+821.222.1 ო–46 | ||
| 100 |
_aომიაძე, დ. _94456 |
||
| 245 |
_aქალთა სახეები სპარსულ ხალხურ ზღაპრებში / _cრედ. ლ. ჩლაიძე. |
||
| 264 |
_a თბ. : _bმეცნიერება, _c1984. |
||
| 300 |
_a79 გვ. ; _b21 სმ. |
||
| 504 | _a საძიებელი: გვ. 71-73. | ||
| 520 | _a რეზ. რუს. | ||
| 541 | _h2 ლ. | ||
| 653 | _aსპარსული ხალხური ზღაპრები | ||
| 700 |
_aჩლაიძე, ლ. _eრედაქტორი _94457 |
||
| 942 |
_cBK _2udc |
||